TQM in language education

Nová definícia kvality, komplexné riadenie kvality. Benefity TQM vo výučbe jazykov. Porovnanie tradičného prístupu a TQM-orientovaného prístupu. Kooperatívne vyučovanie.

Guardado en:
Detalles Bibliográficos
Autor principal: Breveníková, Daniela
Formato: Capítulo de libro
Lenguaje:inglés
Materias:
Etiquetas: Agregar Etiqueta
Sin Etiquetas, Sea el primero en etiquetar este registro!

MARC

LEADER 00000nla$a2200000$$$4500
001 0116938
005 20240502072314.3
041 0 |a eng 
044 |a SK 
245 1 0 |a TQM in language education  |c Daniela Breveníková 
520 |a Nová definícia kvality, komplexné riadenie kvality. Benefity TQM vo výučbe jazykov. Porovnanie tradičného prístupu a TQM-orientovaného prístupu. Kooperatívne vyučovanie. 
610 2 0 |a angličtina 
610 2 0 |a výučba vedecká 
610 2 0 |a práca tímová 
610 2 0 |a TQM 
100 1 |a Breveníková, Daniela